| 000 | 01012nam0a2200313 4500 | ||
|---|---|---|---|
| 001 | RU\NLR\BIBL_A\012586677 | ||
| 005 | 20211015101946.0 | ||
| 010 |
_a978-5-227-09435-3 _92000 |
||
| 021 |
_aRU _bКН-П-21-029100 _9КН-П-21-2258 |
||
| 035 | _a(NLR Aleph) 012586677 | ||
| 090 |
_a12539276 _c12539276 |
||
| 100 | _a20210827d2021 u y0rusy50 ca | ||
| 101 | 0 | _arus | |
| 102 | _aRU | ||
| 105 | _ay|||z|||000ay | ||
| 181 | 0 |
_ai _baxxe |
|
| 182 | 0 | _an | |
| 200 | 1 |
_aДиверсант Петра Великого _eроман _fРуслан Агишев |
|
| 203 |
_aТекст _bвизуальный _cнепосредственный |
||
| 210 |
_aМосква _cЦентрополиграф _d2021 |
||
| 215 |
_a286, [3] с. _d21 |
||
| 225 | 1 | _aНаши там | |
| 686 | 2 | _aШ6(2=Р)8-445 | |
| 700 | 1 |
_aАгишев _bР. Р. _gРуслан Ряфатевич |
|
| 942 | _cBOOK | ||
| 980 | _aNB | ||